Enseñanza de educación física

Salvato in:
Dettagli Bibliografici
Autori principali: Vannier, Mary Helen (Autore), Fait, Hollis F (Autore)
Natura: Libro
Lingua:spagnolo
Pubblicazione: Ciudad de México Interamericana 1978
Edizione:4a. ed
Soggetti:
Tags: Aggiungi Tag
Nessun Tag, puoi essere il primo ad aggiungerne!!

MARC

LEADER 00000nam a2200000 a 4500
001 UCW3231
003 CL-VaPUC
008 880520e19780000MX |||||||||||||||||spa|d
082 0 4 |a 372.86  |b VAN  |2 21 
100 0 |a Vannier, Mary Helen  |e author  |9 307349 
700 0 |a Fait, Hollis F  |e author  |9 307350 
245 1 0 |a Enseñanza de educación física 
250 |a 4a. ed 
300 |a 530 p 
942 |c BK 
945 |d 19880520 00:00:00 
260 |a Ciudad de México  |b Interamericana  |c 1978 
650 0 |a Educación física  |9 240893 
583 |a last modification  |c 19880520 00:00:00  |k Rodrigo Vera 
999 |c 217346  |d 217344 
952 |0 0  |1 0  |4 0  |6 372_860000000000000_VAN_1978  |7 0  |8 P  |9 204716  |a BIBEDU  |b BIBEDU  |c BIBEDU_PB  |d 2019-11-15  |i 2725037  |o 372.86 VAN 1978  |p 2725037  |r 2024-01-25  |w 2019-11-15  |y BK  |k EDU 
952 |0 0  |1 0  |4 0  |6 372_860000000000000_VAN_1978  |7 0  |8 P  |9 204717  |a BIBEDU  |b BIBEDU  |c BIBEDU_PB  |d 2019-11-15  |i 1538128  |o 372.86 VAN 1978  |p 1538128  |r 2024-01-25  |w 2019-11-15  |y BK  |k EDU 
952 |0 0  |1 0  |4 0  |6 372_860000000000000_VAN_1978  |7 0  |8 P  |9 204718  |a BIBEDU  |b BIBEDU  |c BIBEDU_PB  |d 2019-11-15  |i 1538136  |o 372.86 VAN 1978  |p 1538136  |r 2024-01-25  |w 2019-11-15  |y BK  |k EDU